Quiz de la Provincia de Valencia - Estadísticas

Estadísticas generales
  • Esta prueba ha sido intentada 301 veces
  • La puntuación promedio es 10 de 12
Estadísticas de respuestas
Pista Respuesta % Correcto
Idiomas oficiales (di cualquiera) Castellano / Valenciano
100%
Plato típico hecho con arroz y carne (pollo o conejo) Paella
100%
Capital. Valencia
100%
Comunidad autónoma de la que forma parte. Comunidad Valenciana
99%
Festividad en la que se hacen esculturas y luego se queman. Fallas
99%
Bebida blanca muy refrescante hecha con Chufa de Alboraya. Horchata
96%
Rio más largo (Pista: empieza por J) Río Júcar
93%
Rey que conquisto Valencia en 1245. Jaime I de Aragón
86%
Lago declarado parque natural situado a 10 km de la capital. L'Albufera de Valencia
78%
Pintor valenciano que usaba el impresionismo en sus obras. Joaquin Sorolla
74%
Bebida alcohólica valenciana hecha con zumo de naranja. Agua de Valencia
72%
Montaña más alta. Pico Calderón
19%
No se encontraron pruebas coincidentes
Distribución de puntuación
Porcentaje de gente con cada puntuación
Porcentaje por número respondido
Historial de tus puntuaciones
No has intentado esta prueba.